LDR 00632naa#a2200169#i#450# 001 EN\\bibl\125053 005 20260606143329.6 011 ## _a1019-8946 100 ## _a20260603b2026####ek#y0engy0150####ca 102 ## _aRU 200 1# _aAssessment of industrial sterility of milk and dairy products using the Innovate™ system from Hygiena _eJournal article 210 1# _aKemerovo _cKemerovo State University _d2026 215 ## _a1 с. 608 ## _aJournal article _2local 675 ## _aСельское хозяйство. Лесное хозяйство. Охота. Рыбное хозяйство. 63 _z 700 #1 _aKuvanov _gTimur K. 856 4# _ajsocnet.ru _u